<?xml version="1.0" encoding="UTF-8"?>
<record
    xmlns:xsi="http://www.w3.org/2001/XMLSchema-instance"
    xsi:schemaLocation="http://www.loc.gov/MARC21/slim http://www.loc.gov/standards/marcxml/schema/MARC21slim.xsd"
    xmlns="http://www.loc.gov/MARC21/slim">

  <leader>04754cam a22006734i 4500</leader>
  <controlfield tag="003">PE-LiUPU</controlfield>
  <controlfield tag="005">20250731180116.0</controlfield>
  <controlfield tag="008">181119s2011    sp a    rb    001 0 spa  </controlfield>
  <datafield tag="020" ind1=" " ind2=" ">
    <subfield code="a">9786070503016</subfield>
  </datafield>
  <datafield tag="035" ind1=" " ind2=" ">
    <subfield code="a">(Sirsi) a250696</subfield>
  </datafield>
  <datafield tag="040" ind1=" " ind2=" ">
    <subfield code="a">PE-LiUPU</subfield>
    <subfield code="b">spa</subfield>
    <subfield code="c">PE-LiUPU</subfield>
    <subfield code="e">rda</subfield>
  </datafield>
  <datafield tag="049" ind1=" " ind2=" ">
    <subfield code="a">PRUA</subfield>
  </datafield>
  <datafield tag="082" ind1="0" ind2="4">
    <subfield code="a">515</subfield>
    <subfield code="b">B24</subfield>
    <subfield code="2">20</subfield>
  </datafield>
  <datafield tag="100" ind1="1" ind2=" ">
    <subfield code="a">Bartoll Arnau, Salud,</subfield>
    <subfield code="e">autor.</subfield>
  </datafield>
  <datafield tag="245" ind1="1" ind2="0">
    <subfield code="a">Fundamentos matem&#xE1;ticos en arquitectura /</subfield>
    <subfield code="c">Salud Bartoll Arnau, Jos&#xE9; Bonet Solves y Mar&#xED;a del Carmen G&#xF3;mez Collado.</subfield>
  </datafield>
  <datafield tag="250" ind1=" " ind2=" ">
    <subfield code="a">Primera edici&#xF3;n.</subfield>
  </datafield>
  <datafield tag="264" ind1=" " ind2="1">
    <subfield code="a">M&#xE9;xico D.F. :</subfield>
    <subfield code="b">Limusa Noriega,</subfield>
    <subfield code="c"> 2011.</subfield>
  </datafield>
  <datafield tag="300" ind1=" " ind2=" ">
    <subfield code="a">x, 294 p&#xE1;ginas :</subfield>
    <subfield code="b">ilustraciones ;</subfield>
    <subfield code="c">24 cent&#xED;metros</subfield>
  </datafield>
  <datafield tag="336" ind1=" " ind2=" ">
    <subfield code="a">text</subfield>
    <subfield code="2">rdacontent</subfield>
  </datafield>
  <datafield tag="337" ind1=" " ind2=" ">
    <subfield code="a">unmediated</subfield>
    <subfield code="2">rdamedia</subfield>
  </datafield>
  <datafield tag="338" ind1=" " ind2=" ">
    <subfield code="a">volume</subfield>
    <subfield code="2">rdacarrier</subfield>
  </datafield>
  <datafield tag="504" ind1=" " ind2=" ">
    <subfield code="a">Bibliograf&#xED;a : p&#xE1;ginas 293-294.</subfield>
  </datafield>
  <datafield tag="504" ind1=" " ind2=" ">
    <subfield code="a">&#xCD;ndice : p&#xE1;ginas 287-291.</subfield>
  </datafield>
  <datafield tag="505" ind1="0" ind2=" ">
    <subfield code="a">C&#xE1;lculo aproximado de ra&#xED;ces de ecuaciones -- Estudio gr&#xE1;fico de las ra&#xED;ces de una ecuaci&#xF3;n -- Aislamiento de las ra&#xED;ces de una ecuaci&#xF3;n -- Aproximaci&#xF3;n a la ra&#xED;z -- Integraci&#xF3;n -- Integral de Riemann -- Integraci&#xF3;n num&#xE9;rica -- Matrices y sistemas de ecuaciones -- Matrices elementales -- M&#xE9;todo de Gauss -- M&#xE9;todo de Gauss-Jordan. Inversa de una matriz -- M&#xE9;todos iterativos -- Espacios vectoriales -- Espacios vectoriales real -- Combinaciones lineales -- Bases -- Subespacio vectorial -- Aplicaciones lineales -- Aplicaci&#xF3;n lineal -- N&#xFA;cleo e imagen de una aplicaci&#xF3;n lineal -- Operaciones con aplicaciones lineales -- Ejemplos de aplicaciones lineales en el plano -- Espacio vectorial eucl&#xED;deo -- Producto escalar -- Norma de un vector -- &#xC1;ngulo de dos vectores -- Ortogonalidad -- Proceso de ortonormalizaci&#xF3;n de Gram-Schmidt -- Factorizaci&#xF3;n QR -- Matrices ortogonales -- Ortogonal de un Subespacio -- Diagonalizaci&#xF3;n -- Valores propios y vectores propios de una matriz -- Matrices diagonalizables -- Diagonalizaci&#xF3;n de matrices sim&#xE9;tricas -- Aplicaciones de la Diagonalizaci&#xF3;n de matrices -- C&#xF3;nicas -- Funciones reales de varias variables -- Funciones reales de varias variables reales: campos escalares y vectoriales -- Continuidad -- Derivadas direccionales. Derivadas parciales -- Diferenciabilidad -- Derivadas sucesivas -- Divergencia y rotacional -- Regla de la cadena -- Extremos de funciones -- Extremos absolutos -- Extremos relativos -- Clasificaci&#xF3;n de extremos relativos -- Ecuaciones diferenciales de primer orden -- Ecuaciones diferenciales ordinarias -- E.D.O. lineales de primer orden -- E.D.O. de Bernouilli -- E.D.O. no lineales de primer orden -- E.D.O. de variables separadas -- Aplicaciones de las ecuaciones diferenciales ordinarias -- Ecuaciones diferenciales de segundo orden -- E.D.O. lineales de segundo orden -- Ecuaci&#xF3;n homog&#xE9;nea -- Soluci&#xF3;n general de la ecuaci&#xF3;n completa -- Soluci&#xF3;n particular de la ecuaci&#xF3;n diferencial completa de orden 2 con coeficientes constantes -- Aplicaciones -- Introducci&#xF3;n a la probabilidad -- Experimento aleatorio. Espacio muestral -- Sucesos. Operaciones con sucesos -- Probabilidad -- Probabilidad condicionada -- Probabilidad total -- Teorema de Bayes.</subfield>
  </datafield>
  <datafield tag="526" ind1=" " ind2=" ">
    <subfield code="a">SEG44</subfield>
  </datafield>
  <datafield tag="526" ind1=" " ind2=" ">
    <subfield code="a">SEG26</subfield>
  </datafield>
  <datafield tag="526" ind1=" " ind2=" ">
    <subfield code="a">P159</subfield>
  </datafield>
  <datafield tag="526" ind1=" " ind2=" ">
    <subfield code="a">P155</subfield>
  </datafield>
  <datafield tag="526" ind1=" " ind2=" ">
    <subfield code="a">P154</subfield>
  </datafield>
  <datafield tag="526" ind1=" " ind2=" ">
    <subfield code="a">P153</subfield>
  </datafield>
  <datafield tag="526" ind1=" " ind2=" ">
    <subfield code="a">P150</subfield>
  </datafield>
  <datafield tag="526" ind1=" " ind2=" ">
    <subfield code="a">P100</subfield>
  </datafield>
  <datafield tag="526" ind1=" " ind2=" ">
    <subfield code="a">P31</subfield>
  </datafield>
  <datafield tag="526" ind1=" " ind2=" ">
    <subfield code="a">P30</subfield>
  </datafield>
  <datafield tag="526" ind1=" " ind2=" ">
    <subfield code="a">P26</subfield>
  </datafield>
  <datafield tag="526" ind1=" " ind2=" ">
    <subfield code="a">P25</subfield>
  </datafield>
  <datafield tag="526" ind1=" " ind2=" ">
    <subfield code="a">P24</subfield>
  </datafield>
  <datafield tag="526" ind1=" " ind2=" ">
    <subfield code="a">P22</subfield>
  </datafield>
  <datafield tag="526" ind1=" " ind2=" ">
    <subfield code="a">P15</subfield>
  </datafield>
  <datafield tag="526" ind1=" " ind2=" ">
    <subfield code="a">P10</subfield>
  </datafield>
  <datafield tag="541" ind1=" " ind2=" ">
    <subfield code="g">002-00000605;</subfield>
  </datafield>
  <datafield tag="650" ind1="0" ind2="4">
    <subfield code="a">Arquitectura</subfield>
    <subfield code="x">Mat&#xE9;maticas.</subfield>
  </datafield>
  <datafield tag="650" ind1="0" ind2="4">
    <subfield code="a">C&#xE1;lculo integral</subfield>
    <subfield code="x">Problemas y ejercicios, etc.</subfield>
  </datafield>
  <datafield tag="650" ind1="0" ind2="4">
    <subfield code="a">Curvas en ingiener&#xED;a</subfield>
    <subfield code="x">Problemas y ejercicios, etc.</subfield>
  </datafield>
  <datafield tag="650" ind1="0" ind2="4">
    <subfield code="a">Ecuaciones diferenciales.</subfield>
    <subfield code="9">176</subfield>
  </datafield>
  <datafield tag="650" ind1="0" ind2="4">
    <subfield code="a">An&#xE1;lisis matem&#xE1;tico</subfield>
    <subfield code="9">5276</subfield>
  </datafield>
  <datafield tag="700" ind1="1" ind2=" ">
    <subfield code="a">Bonet Solves, Jos&#xE9;,</subfield>
    <subfield code="e">autor.</subfield>
  </datafield>
  <datafield tag="700" ind1="1" ind2=" ">
    <subfield code="a">G&#xF3;mez Collado, Mar&#xED;a del Carmen,</subfield>
    <subfield code="e">autor.</subfield>
  </datafield>
  <datafield tag="710" ind1="2" ind2=" ">
    <subfield code="a">Universidad Polit&#xE9;cnica de Valencia,</subfield>
    <subfield code="e">editor.</subfield>
  </datafield>
  <datafield tag="910" ind1=" " ind2=" ">
    <subfield code="a">dbm</subfield>
    <subfield code="b">csm</subfield>
    <subfield code="c">csm</subfield>
    <subfield code="d">20181119</subfield>
  </datafield>
  <datafield tag="910" ind1=" " ind2=" ">
    <subfield code="a">rmch</subfield>
    <subfield code="b">tqv</subfield>
    <subfield code="c">jfb</subfield>
    <subfield code="d">20181210</subfield>
  </datafield>
  <datafield tag="942" ind1=" " ind2=" ">
    <subfield code="2">ddc</subfield>
    <subfield code="c">BOOK</subfield>
  </datafield>
  <datafield tag="949" ind1=" " ind2=" ">
    <subfield code="a">515 B24 2011</subfield>
    <subfield code="w">DEWEY</subfield>
    <subfield code="c">1</subfield>
    <subfield code="i">FJ12183</subfield>
    <subfield code="l">CCODEBUJ1</subfield>
    <subfield code="m">BUJ</subfield>
    <subfield code="p">26.94</subfield>
    <subfield code="r">0</subfield>
    <subfield code="s">Y</subfield>
    <subfield code="t">BOOK</subfield>
    <subfield code="u">2018-12-10</subfield>
    <subfield code="x">INGENIERIA</subfield>
    <subfield code="P">P25</subfield>
    <subfield code="0">COMPRA</subfield>
    <subfield code="o">.STAFF. Colecci&#xF3;n General Juliaca</subfield>
  </datafield>
  <datafield tag="994" ind1=" " ind2=" ">
    <subfield code="a">C0</subfield>
    <subfield code="b">PEPRU</subfield>
  </datafield>
  <datafield tag="596" ind1=" " ind2=" ">
    <subfield code="a">1 3</subfield>
  </datafield>
  <datafield tag="999" ind1=" " ind2=" ">
    <subfield code="a">515 B24</subfield>
    <subfield code="w">DEWEY</subfield>
    <subfield code="c">30172</subfield>
    <subfield code="i">79152</subfield>
    <subfield code="f">2021-11-9</subfield>
    <subfield code="g">4</subfield>
    <subfield code="l">CCODEBUL1</subfield>
    <subfield code="m">BUL</subfield>
    <subfield code="p">26.94</subfield>
    <subfield code="r">0</subfield>
    <subfield code="s">Y</subfield>
    <subfield code="t">BOOK</subfield>
    <subfield code="u">2018-11-19</subfield>
    <subfield code="x">INGENIERIA</subfield>
    <subfield code="P">P06</subfield>
    <subfield code="0">COMPRA</subfield>
    <subfield code="1">FCOMPR2</subfield>
    <subfield code="o">.STAFF. Colecci&#xF3;n Ingenier&#xED;a y Arquitectura</subfield>
    <subfield code="d">30172</subfield>
  </datafield>
  <datafield tag="999" ind1=" " ind2=" ">
    <subfield code="a">515 B24 2011</subfield>
    <subfield code="w">DEWEY</subfield>
    <subfield code="c">1</subfield>
    <subfield code="i">FJ12183</subfield>
    <subfield code="f">2022-1-19</subfield>
    <subfield code="g">3</subfield>
    <subfield code="l">CCODEBUJ1</subfield>
    <subfield code="m">BUJ</subfield>
    <subfield code="p">26.94</subfield>
    <subfield code="r">0</subfield>
    <subfield code="s">Y</subfield>
    <subfield code="t">BOOK</subfield>
    <subfield code="u">2018-12-10</subfield>
    <subfield code="x">INGENIERIA</subfield>
    <subfield code="P">P25</subfield>
    <subfield code="0">COMPRA</subfield>
    <subfield code="o">.STAFF. Colecci&#xF3;n General Juliaca</subfield>
  </datafield>
  <datafield tag="980" ind1=" " ind2=" ">
    <subfield code="8">1</subfield>
    <subfield code="g">ALBERTO SANCHEZ Responsable de Automatizaci&#xF3;n</subfield>
  </datafield>
  <datafield tag="952" ind1=" " ind2=" ">
    <subfield code="r">2025-12-02 00:00:00</subfield>
    <subfield code="i">5</subfield>
    <subfield code="l">0</subfield>
    <subfield code="o">515 B24</subfield>
    <subfield code="p">79152</subfield>
    <subfield code="t">e1</subfield>
    <subfield code="v">31.94</subfield>
    <subfield code="w">2018-11-19</subfield>
    <subfield code="x">FIA</subfield>
    <subfield code="y">BK</subfield>
    <subfield code="z">inventario-2023-12-13</subfield>
    <subfield code="1">0</subfield>
    <subfield code="2">ddc</subfield>
    <subfield code="5">0</subfield>
    <subfield code="7">0</subfield>
    <subfield code="8">GEN</subfield>
    <subfield code="f">P06</subfield>
    <subfield code="a">BUL</subfield>
    <subfield code="b">BUL</subfield>
    <subfield code="c">GEN</subfield>
    <subfield code="d">2018-11-19</subfield>
    <subfield code="e">COMPRA</subfield>
    <subfield code="g">26.94</subfield>
  </datafield>
</record>
